000 00652nam a22002057a 4500
005 20131217112926.0
010 _aENG-108841
020 _a9789381176306
_c795.00
035 _aEN-92374
037 _bDBAD/PUB
082 _a001.42
100 _aSahu, N. K.
245 _aResearch methodology /
_cby N.K. Sahu [and] Dillip K. Swain
260 _aNew Delhi
_bSSDN Publishers and Distributors
_c2013
270 _a5A, Sahni Mansion, Ansari Road Daryaganj
_bNew Delhi
_e110002
300 _a311p.
_c22cm(Hb)
500 _aIncludes bibliographical references and index
700 _aSwain, Dillip K.
942 _2ddc
_cEN
_mSAH
_h001.42
999 _c81179
_d81179